Python Programming (Record no. 13272)

MARC details
000 -LEADER
fixed length control field 00391nam a22001697a 4500
003 - CONTROL NUMBER IDENTIFIER
control field OSt
008 - FIXED-LENGTH DATA ELEMENTS--GENERAL INFORMATION
fixed length control field 250411b |||||||| |||| 00| 0 eng d
020 ## - INTERNATIONAL STANDARD BOOK NUMBER
International Standard Book Number 9789393330390
082 ## - DEWEY DECIMAL CLASSIFICATION NUMBER
Classification number 005.133 GOP
100 ## - MAIN ENTRY--PERSONAL NAME
Personal name GOEL,Anita
245 ## - TITLE STATEMENT
Title Python Programming
250 ## - EDITION STATEMENT
Edition statement -
260 ## - PUBLICATION, DISTRIBUTION, ETC. (IMPRINT)
Place of publication, distribution, etc New Delhi
Name of publisher, distributor, etc University Press
Date of publication, distribution, etc 2025
300 ## - PHYSICAL DESCRIPTION
Extent 818
650 ## - SUBJECT ADDED ENTRY--TOPICAL TERM
Topical term or geographic name as entry element Python Programming
942 ## - ADDED ENTRY ELEMENTS (KOHA)
Source of classification or shelving scheme Dewey Decimal Classification
Koha item type Text Books
Holdings
Withdrawn status Lost status Source of classification or shelving scheme Damaged status Not for loan Collection code Home library Current library Date acquired Source of acquisition Currency Cost, normal purchase price Bill Number Total Checkouts Full call number Acc. no. / Barcode Date last seen Actual Cost, discounted price Bill Date Koha item type Date last borrowed
    Dewey Decimal Classification     MCA PIET C-LIBRARY PIET C-LIBRARY 04/04/2025 Zaffa Books INR 975.00 ZBD0014   005.133 GOP 39144 11/04/2025 682.20 25/03/2025 Reference Books  
    Dewey Decimal Classification     MCA PIET C-LIBRARY PIET C-LIBRARY 04/04/2025 Zaffa Books INR 975.00 ZBD0014 1 005.133 GOP 39145 09/06/2025 682.20 25/03/2025 Text Books 26/05/2025
    Dewey Decimal Classification     MCA PIET C-LIBRARY PIET C-LIBRARY 04/04/2025 Zaffa Books INR 975.00 ZBD0014 1 005.133 GOP 39146 19/02/2026 682.20 25/03/2025 Text Books 06/02/2026
    Dewey Decimal Classification     MCA PIET C-LIBRARY PIET C-LIBRARY 04/04/2025 Zaffa Books INR 975.00 ZBD0014   005.133 GOP 39147 11/04/2025 682.20 25/03/2025 Text Books  
    Dewey Decimal Classification     MCA PIET C-LIBRARY PIET C-LIBRARY 04/04/2025 Zaffa Books INR 975.00 ZBD0014 1 005.133 GOP 39148 09/06/2025 682.20 25/03/2025 Text Books 30/05/2025

Design & Developed by: PIET Central Library
R70 Miles Stone Pattikalyana Samalkha Panipat 132102
mail ID :- [email protected], Phone No:- 0180-2569700 Ex.216